| 000 | 00405nam a2200157Ia 4500 | ||
|---|---|---|---|
| 008 | 220216s9999 xx 000 0 und d | ||
| 100 | _aHe W X | ||
| 245 | 0 | _aIdentification of rubber polymers in rubber blends | |
| 260 |
_bPlastics, Rubber and Composites _c2011 |
||
| 300 | _a497-501 | ||
| 650 | _aInfrered spectroscopy | ||
| 650 | _aPyrolysis | ||
| 700 | _aLu X Y | ||
| 700 | _aWu H Z | ||
| 942 | _cJS | ||
| 999 |
_c60667 _d60667 |
||